00282nam a22000857a 4500008004100000022001400041040005500055245005000110260003600160230905b |||||||| |||| 00| 0 eng d a0884-8173 aNational Science LibrarycNational Science Library aInternational journal of intelligent systems  bWiley Interscience Publication